| 000 | 00534nam a2200193 a 4500 | ||
|---|---|---|---|
| 001 | 1165 | ||
| 003 | CDMR | ||
| 005 | 20131011155559.0 | ||
| 008 | 130130s2002||||||||||||||||||||||||||||d | ||
| 020 | _a8483107872 | ||
| 040 |
_aCDMR _bcat _cCDMR |
||
| 100 | 1 |
_aVerdaguer, Jacint _9912 |
|
| 245 | 1 | 0 |
_aEn defensa pròpia _cJacint Verdaguer ; edició i presentació de Narcís Garolera |
| 260 |
_aBarcelona _c2002 _bTusquets |
||
| 300 | _a186 p. | ||
| 490 | 0 |
_aL'Ull de Vidre _v2 |
|
| 700 | 1 |
_93589 _aGarolera, Narcís _eed. |
|
| 942 |
_cMON _2udc |
||
| 999 |
_c1165 _d1165 |
||